1759 1370 1613 1985 1686 1990 1200 1075 1962 1447 1426 1911 1356 1873 1330 1367 1608 1395 1466 1346 1638 1976 1832 1168 1195 1697 1585 1947 1997 1589 1257 1415 1693 1086 1189 1311 1768 1666 1337 1392 1449 1155 1696 1977 1921 1019 1520 1043 1244 1372 1563 1260 1971 1931 1761 1841 1412 1244 1097 1800 1785 1195 1253 1518 1369 1932 1575 1263 1118 1854 1516 1088 1690 1035 1553 1805 1654 1643 1238 1405 1051 1540 1528 1172 1997 1525 1720 1440 1945 1197 1310 1835 1001 1873 1638 1848 1614 1316 1190 BCNSPRNW ULIB Ver.6.0+V

เปลี่ยนเป็นภาษาไทย

Change to English
 แสดงรายละเอียดบรรณานุกรม
  กลับหน้าหลัก

Brief Record : Get Marc (ISO 2709) : E-mail record : QR code < ปิดหน้าต่าง
LEADER : 00000nam 2200000uu 4500
001    13399125090
003     ULIB
008    160620s2558||||th 000 0 tha d
020    ^a9786167136714
050  4 ^aHA62^bอ399ส
100 0  ^aอรุณ จิรวัฒน์กุล
245 10 ^aสถิติในงานวิจัย : เลือกใช้อย่างไรให้เหมาะสม =^bStatistics inresearch : appropriate selection /^cอรุณ จิรวัฒน์กุล
246 31 ^aStatistics in research : appropriate selection
250    ^aพิมพ์ครั้งที่ 1
260    ^aกรุงเทพฯ :^bวิทยพัฒน์,^c2558
300    ^a204 หน้า :^bภาพประกอบ ;^c21 ซม.
500    ^aพื้นฐานทั่วไป
650  0 ^aStatistics
650  0 ^aResearch^xStatistical methods
650  4 ^aสถิติศาสตร์
650  4 ^aวิจัย^xระเบียบวิธีทางสถิติ
945    ^p130^l0^i001324
945    ^p130^l0^i001325
945    ^p130^l0^i001326
999    ^aเกษร โพธิ์สุวรรณ
รายการนี้ยังไม่มีแท็ก
คุณยังไม่ได้ล็อกอิน คุณสามารถมีกิจกรรมร่วมกับเว็บไซต์ได้ แต่ต้องล็อกอินก่อน ::
  ล็อกอิน

รายการสื่อสารสนเทศ

ลำดับที่ ประเภท เลขเรียก/บาร์โค้ด สถานที่ สถานะ
1. วิทยาศาสตร์การแพทย์ และสุขภาพ
หนังสือสำรอง
สถานะ=หนังสือสำรอง
HA62 อ399ส ฉ.1 
  Barcode: 001324
ห้องสมุดวิทยาเขตสวรรค์ประชารักษ์
►หนังสือทั่วไป
บนชั้น
2. วิทยาศาสตร์การแพทย์ และสุขภาพ
วิทยาศาสตร์การแพทย์ และสุขภาพ
HA62 อ399ส ฉ.2 
  Barcode: 001325
ห้องสมุดวิทยาเขตสวรรค์ประชารักษ์
►หนังสือทั่วไป
บนชั้น
3. วิทยาศาสตร์การแพทย์ และสุขภาพ
วิทยาศาสตร์การแพทย์ และสุขภาพ
HA62 อ399ส ฉ.3 
  Barcode: 001326
ห้องสมุดวิทยาเขตสวรรค์ประชารักษ์
►หนังสือทั่วไป
บนชั้น

รายการใกล้เคียง
    ผู้แต่ง [อรุณ จิรวัฒน์กุล]

    หัวเรื่อง [Statistics]
    หัวเรื่อง [สถิติศาสตร์]

BibComment


ยังไม่เคยถูกคอมเมนท์

คอมเมนท์ทรัพยากรรายการนี้
  คอมเมนท์: สถิติในงานวิจัย ..


 Copyright 2026. Bcnsprnw @Library